000
00382nam a2200133Ia 4500
008
100328s9999 xx 000 0 und d
082
_b
35062
100
_a
माडखोलकर ग.त्र्यं.
245
_a
नवे संसार
260
_b
मनोरंजन
630
_a
नवे संसार
730
_a
नवे संसार
942
_c
BOOK
999
_c
525062
_d
525059